| 000 | 01042cam a2200301Mi 4500 | ||
|---|---|---|---|
| 001 | 92745 | ||
| 005 | 20230411090050.0 | ||
| 008 | 091021s2008 sp 000 0 spa d | ||
| 035 | _a(OCoLC)ocn630586209 | ||
| 040 |
_aESUDE _bspa _cESUDE |
||
| 017 | _aD.L.Z. 4659-08 | ||
| 020 | _a9788429015362 | ||
| 020 | _a8429015361 | ||
| 035 | _a(OCoLC)630586209 | ||
| 080 | _a321.01"19" | ||
| 049 | _aGRAL | ||
| 100 | 1 |
_aLaski, Harold Joseph, _d1893-1950. |
|
| 245 | 1 | 3 |
_aEl Estado en la teoria y en la practica / _cHarold J. Laski ; traduccion de Vicente Herrero. |
| 260 |
_aMadrid : _bReus, _c[2008] |
||
| 300 |
_a380 p. ; _c21 cm. |
||
| 490 | 1 | _aColeccion Clasicos del derecho | |
| 505 | _aLa concepción filosófica del Estado, p.19 -- Estado y gobierno en el mundo real, p.121 -- El Estado y la comunidad internacional, p.251 -- Perspectivas para nuestra generación, p.309. | ||
| 650 | 0 | 4 | _aEstado. |
| 700 | 1 |
_aHerrero, Vicente, _etrad. |
|
| 830 | 0 | _aColeccion Clasicos del derecho. | |
| 942 |
_2lcc _cbk |
||
| 994 |
_aC0 _bDRFGD |
||
| 999 |
_c111868 _d111868 |
||